Представление документа в формате MARC21

Поле Инд. ПП Название Значение
Тип записи a
Библиографический уровень m
001 Контрольный номер 96b14dae5ea740308611435701e5ab29
005 Дата корректировки 20260404123811.1
008 Кодируемые данные 20210512
022 0_ a ISSN 2304-1501
084 a Индекс другой классификации/Индекс ББК 39
090 a Полочн. индекс 95.2
099 a Индекс 22792
245 10 a Заглавие Авиация и Время
n Номер части/ раздела №5/2020
b Продолж. заглавия научно-популярный авиационный журнал Украины
c Ответственность гл. ред. О.М. Ларионов
h Физич. носитель Текст
246 _1 a Другая форма заглавия АиВ
260 c Дата издания 2020
b Издательство Авиация и Время
a Место издания Киев
300 a Объем 52 с.
500 a Примечание Журнал
505 0_ a Форматированное содержание История универсального бомбовоза
b Автор Брадич С.
b Автор Котлобовский А.
b Автор Хаустов А.
505 0_ a Форматированное содержание По какому пути идти украинскому авиапрому?
b Автор Букреева Л.
505 0_ a Форматированное содержание Ливия: война после войны
b Автор Котлобовский А.
505 0_ a Форматированное содержание Водоплавающий "Зеро". Гидросамолет А6М2-N
b Автор Харук А.
505 0_ a Форматированное содержание Ту-134 в гражданской авиации Украины
b Автор Черников О.
650 04 a Основная рубрика летательные аппараты
653 0_ a Ключевые слова военная авиация
a Ключевые слова военные конфликты
a Ключевые слова гидросамолеты
a Ключевые слова государственная промышленная политика
a Ключевые слова гражданская авиация
a Ключевые слова история авиации
a Ключевые слова Ливия
a Ключевые слова локальные конфликты
a Ключевые слова схемы самолетов
a Ключевые слова США
a Ключевые слова тактико-технические характеристики (ТТХ)
a Ключевые слова техническое оснащение
a Ключевые слова Украина
a Ключевые слова штурмовая авиация
a Ключевые слова штурмовики
a Ключевые слова Япония
773 18 w Контрольный № источника 8d0c94a302544398967022c701822f53
901 t Тип документа s
952 a Тип литературы для КСУ ВШ НЖ
991 s 3